Guess the song from Cunami by text - Statistics

General Stats
  • This quiz has been taken 11 times
  • The average score is 14 of 24
Answer Stats
Text Song % Correct
Margheritta, pasta Ratatouille
Hermes, Lui with Magnetui
Nije problem ako zuca zuji
Da trepne neće Securityui
Capcarap
100%
Cuna sexy, trapin flexy Pj'an si, tek si, Wallah, nek si Na CD-u 16 recki Roba, dinar, rad je svjetski Droga Roterdam
100%
Što se nižuOvi dani Kao dolari Ah, kao dolari Iznad geta
100%
Frizz kod berbera, da čujem novi trač Brtiva ogledalo smijeh suze plač Da me tržiš neš' me nać', burek pita sač Arapi taxisti kafa sok kolac Klizim po mahali
100%
Srce si veliko, zato sam došao Jedna od stotinu, a ljubio bi’ samo nju Mrtav sam pijan ja, od ljubavi drogiran Bježi dok si živ i zdrav Splav
89%
Svijetli kô lampa u mraku Krovova preko idemo parkour Stavi šta ima sve u jednu baklju Pišemo verse kô Tupac Shakur Tarzan
89%
Va-va-vama sve je na gotovo,
ja pravim da ne bi' oteo Na stolu roba i olovo, upada racija, murija, korteo
Frizbi
78%
K'o Vietnam Deliquentes Tres Kada nas rade glavna smo vijest Top sretan na carini teret Robe smo puni k'o Bangladeš Haj ba
78%
Još, ne znaš jujutsu Evo heroin, grohni u kljucu Raste nam promet, izgleda porez platit' ćemo – tax, tax Sarajevo love, no hugs, 33 – Verstappen Max, Max Mejbi
78%
Vozi na Bistrik, vozi na Bjelave Ovaj distrikt samo za djela je 'Fali ti kisik, jer ovo belaj je Quality najbolji, znači sa sela je Geto varijante
67%
Voli sve što je ilegal, mala ista kô i ja Babo kad operiše, ona čekira
C-cijelu noć se sjedi, vallah sjedi kad i svane
Jer brat moj šaner, pravi pjesme za kafane, ajmo
Guantanamo
67%
Ide mjesec medeno, sija tijelo vreteno
Gang ga plete rizično, 200, 300 vozimo
Rulof, Hermes, Vetemon Egipat, Tutankamon, Kleopatra, Pokemon
Ignor
67%
Vrti ko elipsa, apokalipsa Ona mi je šiksa, al' njen tip sam Navečer će da lipsa, jer druge miksa Nogicama trese kad joj vimsta Marbella
56%
Cunami, top izvanredno, sve mi zeleno Kô u Sparti nas trista odjednom Mucho mi beno, Twingo mi Reno Al' za spota rolam Porsche Cayenneom Ne pitaj
56%
Papichulo, papi mami, Cunami u pidžami
Računam nešto bitno, roba da spavam ne da mi
Ne da mi, ne, ne Samo mislim na poso'
Talk 2 me
56%
Znaš koji je fol hašiš guraj okolo
Remetimo protokol nikad nije gotovo Jumping bungee, puni smo nijansi U torbici Adidas pare za Givenchy
Jumping bungee
44%
Cunami thief Napuljski Mastiff, jao Jer volim beef kradem reperima stih Kad htio bih, mogô bi' sam protiv svih Chiff Kiff
33%
Bitna je snaga, a bitna je i tehnika Bitne su pare, sve bitno je, jebiga Jake konekcije, jaka genetika U gaćama panjevi, trčim, atletika Noci
22%
Već se cijela predala Do moga stola bez stida mi prišla je
Pogledom počela je svoje predigre
A da samo mala zna da je igra prevara
Revolver
22%
Cunami vrana vozi skejt hastahana
Vatroslav Lisinski Tivoli Ljubljana
Tatami teretana derem durum Adana Puna je kafana, ja u čosku ko Montana
Sata masa gana
22%
It's all about control la zone Pa i kriminal ide pošteno
Cunam oiginal, ništa posebno
Budi lagan il' će smirit te gun, pam-pam
Tuda cu proci
22%
Ti plati eo ti to to Ma nije ni bitno jes skonto Hodam s novcem vecom svotom U klubu ga dajem zivotom Jigoro Kano
11%
Trčimo gradom, potražnja ponuda
Raste glad, vrana kljuca goluba
Mušterije zovu da za pare im robu dam Bolje da šutiš kol'ko praviš ovuda
Keine thema
11%
Yamaha kubići, gepek, vutra, mazda
Panjevi po vazdan Cunami hazla
Iz ruku trgam pare, lav lajon lonsdale arslan
Stopamo vrijeme, gan očisti pa sklopi
Balkanski hastal
0%
No matching quizzes found
Score Distribution
Percent of People with Each Score
Percentile by Number Answered
Your Score History
You have not taken this quiz